[Event "BL2 Sued 1718 (Women)"]
[Site "Germany"]
[Date "2018.01.27"]
[Round "4.6"]
[White "Leinenbach, Janine"]
[Black "Pils, Martina"]
[Result "1-0"]
[WhiteElo "1764"]
[BlackElo "1595"]
[PlyCount "77"]
[EventDate "2017.10.14"]
[EventType "team-tourn"]
[EventRounds "7"]
[EventCountry "GER"]
[SourceTitle "EXT 2019"]
[Source "ChessBase"]
[SourceDate "2018.10.10"]
[SourceVersion "1"]
[SourceVersionDate "2018.10.10"]
[SourceQuality "1"]
[WhiteTeam "Wadgassen/Differten (W)"]
[BlackTeam "Forstenried (W)"]
[WhiteTeamCountry "GER"]
[BlackTeamCountry "GER"]

1. c4 Nf6 2. d4 e6 3. Nc3 Bb4 4. Nf3 0-0 5. e3 d5 6. Qc2 b6 7. cxd5 Nxd5 8. a3 Nxc3 9. bxc3 Bd6 10. Bd3 h6 11. e4 Bb7 12. e5 Be7 13. Be4 Bxe4 14. Qxe4 Nd7 15. 0-0 c5 16. d5 exd5 17. Qxd5 Qc7 18. e6 Nf6 19. exf7+ Rxf7 20. Qc4 Raf8 21. Bf4 Bd6 22. Bxd6 Qxd6 23. Rad1 Qc7 24. Rfe1 Kh8 25. Ne5 h5 26. f3 g5 27. Nxf7+ Rxf7 28. Qd3 Kg7 29. Qd6 Qb7 30. Qe5 g4 31. Qg5+ Kh7 32. Rf1 Qe7 33. Rde1 Qd6 34. fxg4 hxg4 35. Qf5+ Kg7 36. Qe5 Qd3 37. Rd1 Qg6 38. Rf5 Kh7 39. Rd6 1-0

[Event "Pfarrkirchen Rottal op 1st"]
[Site "Pfarrkirchen"]
[Date "2017.04.14"]
[Round "1"]
[White "Schwarzmeier, Klaus"]
[Black "Pils, Martina"]
[Result "1-0"]
[WhiteElo "2200"]
[BlackElo "1698"]
[PlyCount "53"]
[EventDate "2017.04.14"]
[EventType "swiss"]
[EventRounds "7"]
[EventCountry "GER"]
[SourceTitle "CBM 177 Extra"]
[Source "ChessBase"]
[SourceDate "2017.04.27"]
[SourceVersion "1"]
[SourceVersionDate "2017.04.27"]
[SourceQuality "1"]

1. c4 e6 2. Nf3 Nf6 3. g3 Be7 4. Bg2 0-0 5. 0-0 c5 6. Nc3 d5 7. cxd5 exd5 8. d4 b6 9. b3 Bb7 10. Bb2 Re8 11. Rc1 Nc6 12. e3 Ba6 13. Re1 Nb4 14. Ne5 Nd7 15. Nxd5 Nxd5 16. Bxd5 Nxe5 17. dxe5 Rc8 18. Qf3 Rf8 19. Red1 Qc7 20. Qf5 Rcd8 21. Be4 g6 22. Qf3 Rxd1+ 23. Rxd1 Rd8 24. Rxd8+ Qxd8 25. Bd5 Qe8 26. e6 f5 27. Qf4 1-0

[Event "Forchheim op-B 15th"]
[Site "Forchheim"]
[Date "2016.10.03"]
[Round "5"]
[White "Pils, Martina"]
[Black "Hohner, Karl Heinz"]
[Result "1/2-1/2"]
[WhiteElo "1742"]
[BlackElo "1837"]
[PlyCount "139"]
[EventDate "2016.10.01"]
[EventType "swiss"]
[EventRounds "5"]
[EventCountry "GER"]
[SourceTitle "EXT 2019"]
[Source "ChessBase"]
[SourceDate "2018.10.10"]
[SourceVersion "1"]
[SourceVersionDate "2018.10.10"]
[SourceQuality "1"]

1. b4 a5 2. b5 Nf6 3. Nf3 d5 4. Bb2 Bf5 5. a4 e6 6. g3 Bd6 7. Bg2 Qe7 8. d4 h5 9. h4 Nbd7 10. 0-0 0-0 11. e3 Rad8 12. Nbd2 e5 13. dxe5 Nxe5 14. Nxe5 Bxe5 15. Bxe5 Qxe5 16. Nb3 b6 17. Qd4 Qxd4 18. Nxd4 Be4 19. Rac1 Bxg2 20. Kxg2 Ne4 21. Rfd1 Nc3 22. Rd3 Nxa4 23. Ra3 Nc5 24. c4 Rfe8 25. cxd5 Rxd5 26. f3 g6 27. Rc2 Kg7 28. f4 Ne6 29. Nxe6+ Rxe6 30. Rxc7 Rxb5 31. Rb7 Kf6 32. Kf2 Re7 33. Rb8 Ra7 34. Kf3 Rb1 35. e4 a4 36. Ke2 b5 37. Kd2 b4 38. Kc2 Rg1 39. Rxb4 Rc7+ 40. Kb2 Rg2+ 41. Ka1 Rg1+ 42. Rb1 Rxb1+ 43. Kxb1 Rc4 44. Re3 Ke6 45. Kb2 Kd6 46. Ka3 Kc5 47. Kb2 Kd4 48. Re1 Rc3 49. Rd1+ Rd3 50. Ra1 Kxe4 51. Rxa4+ Kf5 52. Ra7 f6 53. Ra5+ Ke6 54. Ra6+ Kf7 55. Ra7+ Kf8 56. Ra6 Ke7 57. Ra7+ Ke6 58. Ra6+ Kf5 59. Ra5+ Kg4 60. Ra6 Rxg3 61. Rxf6 Kxh4 62. Kc2 Kh3 63. Kd2 h4 64. f5 gxf5 65. Rxf5 Kg2 66. Ke2 h3 67. Rf2+ Kh1 68. Rf4 h2 69. Kf2 Rg2+ 70. Kf1 1/2-1/2